Heinkel He 64 c sport airplane (German) : a two-seat low-wing cantilever monoplane.

Bibliographic Details
Corporate Author: United States. National Advisory Committee for Aeronautics
Format: Book
Language:English
Published: Washington, [D.C.] : National Advisory Committee for Aeronautics, [1933]
Series:Aircraft circulars ; no. 175.
Subjects:

MARC

Tag First Indicator Second Indicator Subfields
LEADER 00000cam a2200000Ia 4500
001 in00002575375
005 20151201150222.0
008 100429s1933 dcua f000 0 eng d
035 |a (OCoLC)ocn610074448 
035 |a (OCoLC)610074448 
040 |a TXA  |c TXA  |d UtOrBLW 
049 |a TXAM 
050 4 |a TL501  |b .A473 no. 175 
245 0 0 |a Heinkel He 64 c sport airplane (German) :  |b a two-seat low-wing cantilever monoplane. 
264 1 |a Washington, [D.C.] :  |b National Advisory Committee for Aeronautics,  |c [1933] 
300 |a 5 pages, 3 unnumbered leaves of plates :  |b illustrations ;  |c 27 cm. 
336 |a text  |b txt  |2 rdacontent 
337 |a unmediated  |b n  |2 rdamedia 
338 |a volume  |b nc  |2 rdacarrier 
490 1 |a Aircraft circulars / National Advisory Committee for Aeronautics ;  |v no. 175 
500 |a Cover title. 
500 |a "February, 1933." 
500 |a "From data furnished by the manufacturers."--P. [1]. 
500 |a The Cushing Library/Ragan Military copy donated in memory of Robert L. Acklen, Jr., class of '63. 
653 0 |a Heinkel He 64 (Sports plane). 
710 1 |a United States.  |b National Advisory Committee for Aeronautics. 
830 0 |a Aircraft circulars ;  |v no. 175. 
948 |a cataloged  |b h  |c 2010/4/29  |d o  |e mwilson  |f 3:53:43 pm 
994 |a C0  |b TXA 
999 |a MARS 
999 f f |s 1ef86d74-590e-31ce-bb47-680468785796  |i 02f7db44-0401-37b7-8fa4-f0563c302d04  |t 0 
952 f f |p noncirc  |a Texas A&M University  |b College Station  |c Cushing Memorial Library & Archives  |d Cushing: Ragan Military (Does not check out)  |t 0  |e TL501 .A473 no. 175  |h Library of Congress classification  |i unmediated -- volume 
998 f f |a TL501 .A473 no. 175  |t 0  |l Cushing: Ragan Military (Does not check out)